| 000 | 004320000a22001690004500 | ||
|---|---|---|---|
| 003 | MACL | ||
| 005 | 20160102165415.0 | ||
| 008 | 160102b xxu||||| |||| 00| 0 eng d | ||
| 040 |
_aMACL _cMACL |
||
| 041 | _aEnglish | ||
| 082 | _a800/LYO | ||
| 100 |
_aJessel, George _927385 |
||
| 245 | _aYou Too Can Make a Speech | ||
| 260 |
_bGrayson Publishing Corp _c1956 _aNew York |
||
| 650 |
_aLiterature _927386 |
||
| 942 |
_cBK _k800/LYO _2ddc |
||
| 999 |
_c34871 _d34871 |
||